Music Quiz

Random Music or Album Quiz
Score 0/12 Timer 05:00
0 Plays Today
Question Answer Wrong Answers
Who sold the most? U2
64.3%
Phil Collins
17.3%
Aerosmith
15.3%
Who sold the most? Queen
54.1%
Whitney Houston
28.6%
Celine Dion
14.3%
Who sold the most? ABBA
52%
Frank Sinatra
19.4%
Katy Perry
26.5%
Who sold the most? The Beatles
45.9%
Elvis Presley
12.2%
Michael Jackson
38.8%
Who sold the most? Madonna
45.9%
Led Zeppelin
15.3%
Elton John
34.7%
Who sold the most? Lady Gaga
45.9%
Fleetwood Mac
25.5%
Bee Gees
24.5%
Who sold the most? Taylor Swift
44.9%
Eagles
27.6%
Mariah Carey
24.5%
Who sold the most? Rihanna
41.8%
Pink Floyd
37.8%
Eminem
17.3%
Who sold the most? Justin Bieber
37.8%
Kanye West
26.5%
Bruce Springsteen
30.6%
Who sold the most? Drake
36.7%
Ed Sheeran
35.7%
Billy Joel
23.5%
Who sold the most? Bruno Mars
29.6%
Jay-Z
33.7%
Metallica
33.7%
Who sold the most? AC/DC
23.5%
The Rolling Stones
39.8%
Garth Brooks
34.7%

You're not logged in!

Compare scores with friends on all Sporcle quizzes.
OR
Log In

Sporcle TV

Today on Sporcle TV


Watch our educational content, quiz creation guides, and fun videos on Sporcle TV.

Show Comments

Extras

Top Quizzes Today


Score Distribution

Paid Content

Your Account Isn't Verified!

In order to create a playlist on Sporcle, you need to verify the email address you used during registration. Go to your Sporcle Settings to finish the process.

Report this User

Report this user for behavior that violates our Community Guidelines.

Details: